Project appraisal and financing (Record no. 211826)
[ view plain ]
| 000 -LEADER | |
|---|---|
| fixed length control field | 00501nam a2200181Ia 4500 |
| 008 - FIXED-LENGTH DATA ELEMENTS--GENERAL INFORMATION | |
| fixed length control field | 210719s2017 xx 000 0 und d |
| 020 ## - INTERNATIONAL STANDARD BOOK NUMBER | |
| International Standard Book Number | 978-81-203-5275-9 |
| 041 ## - LANGUAGE CODE | |
| Language code of text/sound track or separate title | eng |
| 082 ## - DEWEY DECIMAL CLASSIFICATION NUMBER | |
| Classification number | 658.404 GUPP |
| 100 ## - MAIN ENTRY--PERSONAL NAME | |
| Personal name | GUPTA (Ambrish) |
| 245 ## - TITLE STATEMENT | |
| Title | Project appraisal and financing |
| 260 ## - PUBLICATION, DISTRIBUTION, ETC. | |
| Place of publication, distribution, etc. | New Delhi |
| Name of publisher, distributor, etc. | PHI Learning Pvt. Ltd. |
| Date of publication, distribution, etc. | 2017 |
| 300 ## - PHYSICAL DESCRIPTION | |
| Extent | xxxiv,586 |
| Other physical details | PB |
| 365 ## - TRADE PRICE | |
| Price amount | 695 |
| Currency code | Rs |
| 650 ## - SUBJECT ADDED ENTRY--TOPICAL TERM | |
| Topical term or geographic name entry element | Project Management |
| 650 ## - SUBJECT ADDED ENTRY--TOPICAL TERM | |
| Topical term or geographic name entry element | Project Management |
| 906 ## - LOCAL DATA ELEMENT F, LDF (RLIN) | |
| a | appraisal ; financing ; Project |
| Withdrawn status | Lost status | Source of classification or shelving scheme | Damaged status | Not for loan | Collection code | Home library | Current library | Date acquired | Source of acquisition | Cost, normal purchase price | Total Checkouts | Full call number | Barcode | Date last seen | Cost, replacement price | Price effective from | Koha item type |
|---|---|---|---|---|---|---|---|---|---|---|---|---|---|---|---|---|---|
| Dewey Decimal Classification | Commerce | St Aloysius Library | St Aloysius Library | 02/22/2021 | Biblios Book Point, Surathkal-575014 | General Annual | 695.00 | 658.404 GUPP | 074640 | 07/19/2021 | 625.50 | 07/19/2021 | Book |